000 00820cam a2200277 4500500
005 20260405001643.0
041 _afre
042 _adc
100 1 0 _aLe Breton, Marine
_eauthor
245 0 0 _a« Vos amis sont peut-être des zombies, et vous ne le savez pas ! »
260 _c2013.
500 _a3
690 _aCorps
690 _aDescartes
690 _aJaegwon Kim
690 _aMarine Le Breton
690 _aMind Body Problem
690 _aPhilosophie analytique
690 _aQualia
690 _aStar Trek
690 _aSubstances
690 _aSurvenance
690 _aTéléportation
786 0 _nPhilosophie magazine | 74 | 11 | 2013-11-01 | p. 31-31 | 1951-1787
856 4 1 _uhttps://shs.cairn.info/magazine-philosophie-magazine-2013-11-page-31?lang=fr&redirect-ssocas=7080
999 _c2049728
_d2049728